Представление документа в формате MARC21

Поле Инд. ПП Название Значение
Тип записи a
Библиографический уровень m
001 Контрольный номер RU/IS/BASE/159369793
005 Дата корректировки 20240319122516.0
040 b Код языка каталог. bel
041 0_ a Код языка текста bel
080 a Индекс УДК 82.09(476)(075)
084 a Индекс другой классификации/Индекс ББК 83.3(4Беи)я7
090 00 a Полочн. индекс 83.3(4Беи)
x Авторский знак Г51
097 b Оператор 11
245 00 a Заглавие Гісторыя беларускай літаратуры ХІХ - пачатак ХХ ст.
b Продолж. заглавия падручнік
c Ответственность пад рэд. М. А. Лазарука, А. А. Семяновіча
250 00 a Основные сведения об издании 2-е выд., дапрац.
260 00 a Место издания Мн.
b Издательство Вышэйшая школа
c Дата издания 1998
300 00 a Объем 560 с.
510 0_ a Примечание о ссылках Книги и методические пособия
650 04 a Основная рубрика 17.82 Произведения художественной литературы
x Основная подрубрика 17.82.09 Литературные обзоры. Критика
653 0_ a Ключевые слова літаратуразнаўства; Беларусь
700 12 a Другие авторы Лазарук М. А.
e Роль лиц Редактор
700 12 a Другие авторы Семяновіч А. А.
e Роль лиц Редактор
901 t Тип документа m